<?xml version="1.0" encoding="UTF-8"?>
<marc:record xmlns:marc="http://www.loc.gov/MARC21/slim">
   <marc:leader>00000nam a2200000 a 4500</marc:leader>
   <marc:datafield ind1="1" ind2=" " tag="100">
      <marc:subfield code="a">Kolloch, Brigitte</marc:subfield>
      <marc:subfield code="4">aut</marc:subfield>
      <marc:subfield code="e">Verfasser/-in</marc:subfield>
   </marc:datafield>
   <marc:datafield ind1="1" ind2=" " tag="100">
      <marc:subfield code="a">Zöller, Elisabeth</marc:subfield>
      <marc:subfield code="4">aut</marc:subfield>
      <marc:subfield code="e">Verfasser/-in</marc:subfield>
   </marc:datafield>
   <marc:datafield ind1="0" ind2="0" tag="245">
      <marc:subfield code="a">Kleine Wikinger halten zusammen</marc:subfield>
   </marc:datafield>
   <marc:datafield ind1="0" ind2="0" tag="245">
      <marc:subfield code="c">Kolloch, Brigitte</marc:subfield>
   </marc:datafield>
   <marc:datafield ind1=" " ind2="1" tag="264">
      <marc:subfield code="a">Bindlach</marc:subfield>
      <marc:subfield code="b">Loewe</marc:subfield>
      <marc:subfield code="c">2007</marc:subfield>
   </marc:datafield>
   <marc:datafield ind1="1" ind2=" " tag="490">
      <marc:subfield code="a">Lesespatz</marc:subfield>
   </marc:datafield>
   <marc:datafield ind1="1" ind2=" " tag="520">
      <marc:subfield code="a">Quelle: bn.bibliotheksnachrichten (http://www.biblio.at/literatur/bn/index.html); &#xD;
Autor: Sabine Huber; &#xD;
Auf den Spuren des Wickie von Flake. (ab 6) (JE)&#xD;
&#xD;
Ersten Leseerfolg garantiert der Lesespatz des Loewe Verlags mit dieser kurzen Geschichte aus dem Leben der Wikinger. Thor, der Sohn eines Wikingeranführers, ist sauer, weil er nicht mitkommen darf auf die große Entdeckungsreise. Als er nachts zum neuen Schiff seines Stammes schleicht, trifft er Leif, den Häuptlingssohn aus dem Nachbarsdorf, und dieser erzählt ihm, dass seine Leute das Dorf von Thor überfallen wollen. In einer Sache sind sich die Jungen sicher, immer nur kämpfen, kann nicht richtig sein und überhaupt - gemeinsam wären die Wikinger auf ihren Entdeckungsreisen am stärksten. Sie entwickeln einen klugen Plan und können die Stämme zusammenbringen. Dass sie zur Belohnung mit auf die große Insel segeln dürfen, versteht sich. Für LeseanfängerInnen empfehlenswert.</marc:subfield>
   </marc:datafield>
   <marc:datafield ind1=" " ind2=" " tag="020">
      <marc:subfield code="a">9783785548479</marc:subfield>
      <marc:subfield code="9">9783785548479</marc:subfield>
   </marc:datafield>
   <marc:datafield ind1=" " ind2=" " tag="041">
      <marc:subfield code="a">ger</marc:subfield>
   </marc:datafield>
   <marc:datafield ind1=" " ind2=" " tag="300">
      <marc:subfield code="b">zahlr. Ill. (farb.)</marc:subfield>
   </marc:datafield>
   <marc:datafield ind1=" " ind2=" " tag="338">
      <marc:subfield code="a">Band</marc:subfield>
   </marc:datafield>
   <marc:datafield ind1=" " ind2=" " tag="300">
      <marc:subfield code="a">32 S.</marc:subfield>
   </marc:datafield>
</marc:record>
